000 00303nam a22001337a 4500
008 170522b xxu||||| |||| 00| 0 eng d
020 _a08870411
041 _aeng
080 _a94
100 _a16
101 _aSHH
245 _aFRAGMENTS FOR A HISTORY OF THE HUMAN BODY
_cFEHER, M
942 _2udc
_cBK
999 _c13817
_d13817